Sports Quiz

Random Sports or MLB Quiz

Big 4 Multiple MVP Winner by Sport Quiz Stats

 Plays Quiz Updated Oct 19, 2017

Challenge
Share
Tweet
Embed
Score 0/36 Timer 06:00
0 Plays Today
Question Answer Wrong Answers
Tom Brady NFL
94.1%
MLB
0.7%
NBA
0.5%
NHL
0.3%
Lebron James NBA
94%
MLB
0.8%
NFL
0.6%
NHL
0.1%
Peyton Manning NFL
94%
MLB
0.8%
NBA
0.4%
NHL
0.3%
Larry Bird NBA
93.7%
MLB
1%
NFL
0.7%
NHL
0.3%
Wilt Chamberlain NBA
93.5%
MLB
1.1%
NFL
0.6%
NHL
0.4%
Stephen Curry NBA
93%
MLB
1%
NFL
0.9%
NHL
0.7%
Joe Montana NFL
92.8%
MLB
1.6%
NBA
0.6%
NHL
0.5%
Brett Favre NFL
92.4%
MLB
1.5%
NBA
0.6%
NHL
0.9%
Aaron Rodgers NFL
92%
MLB
2.5%
NBA
0.6%
NHL
0.5%
Yogi Berra MLB
91.9%
NFL
1.3%
NBA
0.8%
NHL
1.4%
Tim Duncan NBA
91.7%
MLB
1.6%
NFL
1.3%
NHL
0.9%
Steve Nash NBA
90.5%
MLB
1.3%
NFL
1.8%
NHL
1.7%
Moses Malone NBA
90.4%
MLB
2.4%
NFL
1.5%
NHL
1.2%
Bill Russell NBA
90.1%
MLB
2%
NFL
2.4%
NHL
0.9%
Jim Brown NFL
89.4%
MLB
3.1%
NBA
1.2%
NHL
1.6%
Sidney Crosby NHL
89.3%
MLB
2.8%
NFL
1.9%
NBA
1.4%
Kurt Warner NFL
88.8%
MLB
3.2%
NBA
1.2%
NHL
2.3%
Mike Trout MLB
88.8%
NFL
2.4%
NBA
1.1%
NHL
3%
Ted Williams MLB
88%
NFL
3.5%
NBA
1.1%
NHL
2.7%
Steve Young NFL
87.8%
MLB
3.6%
NBA
1.9%
NHL
1.8%
Johnny Unitas NFL
86.8%
MLB
4.4%
NBA
0.8%
NHL
3.3%
Gordie Howe NHL
86.5%
MLB
4.4%
NFL
3.2%
NBA
1.1%
Frank Robinson MLB
85.6%
NFL
3.5%
NBA
2.9%
NHL
3%
Mark Messier NHL
85.5%
MLB
5.9%
NFL
2.5%
NBA
1.1%
Bobby Orr NHL
84.3%
MLB
5.9%
NFL
4%
NBA
1%
Mike Schmidt MLB
84.1%
NFL
3.8%
NBA
1.3%
NHL
5.9%
Johnny Bench MLB
83.1%
NFL
5.4%
NBA
1.2%
NHL
5.5%
Ernie Banks MLB
82.6%
NFL
5.1%
NBA
2.7%
NHL
4.7%
Stan Musial MLB
81.3%
NFL
3.1%
NBA
1.3%
NHL
9.4%
Bobby Clarke NHL
79%
MLB
9%
NFL
4.9%
NBA
2%
Roy Campanella MLB
77.4%
NFL
5.7%
NBA
1.4%
NHL
10.5%
Nels Stewart NHL
71.7%
MLB
12.1%
NFL
6.4%
NBA
4.5%
Eddie Shore NHL
68.6%
MLB
15.2%
NFL
7%
NBA
4%
Phil Esposito NHL
68.4%
MLB
22.1%
NFL
3.2%
NBA
1.4%
Bob Pettit NBA
64.1%
MLB
12%
NFL
4.2%
NHL
15.1%
Bill Cowley NHL
51.9%
MLB
12.2%
NFL
16.2%
NBA
14.4%

You're not logged in!

Compare scores with friends on all Sporcle quizzes.
Join for Free
OR
Log In

You Might Also Like...

Show Comments

Extras

Top Quizzes Today


Score Distribution

Your Account Isn't Verified!

In order to create a playlist on Sporcle, you need to verify the email address you used during registration. Go to your Sporcle Settings to finish the process.

Report this User

Report this user for behavior that violates our Community Guidelines.

Details: